| 000 | 00431 a2200169 4500 | ||
|---|---|---|---|
| 001 | 191667 | ||
| 020 | _a85-7164-736-4 | ||
| 040 | _cMagnum | ||
| 100 | _aNunes, Max | ||
| 240 | 1 | 0 |
_aO pescoço da girafa: pílulas de humor por max nunes _lpor |
| 245 | 1 | 0 | _aO pescoço da girafa: pílulas de humor por max nunes |
| 300 | _a119 | ||
| 362 | 0 | _a1997 | |
| 440 | 1 | _aCompanhia das Letras | |
| 697 | _aLITERATURA GERAL | ||
| 942 | _cBK | ||
| 999 |
_c191667 _d191667 |
||